000 00443nam a2200169Ia 4500
008 100601t1994 xxu||||| |||| 00| 0 sin d
041 _asin
080 _aX8S31
_bMAY
100 _aMayadunne, Sepali
245 _aසිත්තර පුංචා
246 _aSiththara Puncha ( LIB /63 / 6 / 31 )
260 _bSG
_aColombo
_c1994
300 _a114p., 21 cm
942 _cBK
999 _c70953
_d70953
003 LK-CoDNM
040 _aLK-CoDNM
_dLK-CoDNM
_eLK-CoDNM